000
00265nam a2200097Ia 4500
008
200302s9999 xx 000 0 und d
100
_a
Francisco Asensio Cerver
245
_a
European Masters / 3 Commercial Spaces 7
260
_b
Ediciones Atrium S. A.
300
_a
255 P.,
999
_c
989
_d
989